Nuzhat al-khawāṭir. (Record no. 80474)

MARC details
000 -LEADER
fixed length control field 00776cam a22002531 4500
001 - CONTROL NUMBER
control field sa 68004980
003 - CONTROL NUMBER IDENTIFIER
control field DLC
005 - DATE AND TIME OF LATEST TRANSACTION
control field 20260227112505.0
008 - FIXED-LENGTH DATA ELEMENTS--GENERAL INFORMATION
fixed length control field 900207m19629999ii 000 0 arar
010 ## - LIBRARY OF CONGRESS CONTROL NUMBER
LC control number sa 68004980
035 ## - SYSTEM CONTROL NUMBER
System control number (OCoLC)21015700
040 ## - CATALOGING SOURCE
Original cataloging agency DLC
Transcribing agency WaU
Modifying agency DLC
042 ## - AUTHENTICATION CODE
Authentication code premarc
043 ## - GEOGRAPHIC AREA CODE
Geographic area code a-ii---
050 00 - LIBRARY OF CONGRESS CALL NUMBER
Classification number CT1503
Item number .A72
100 1# - MAIN ENTRY--PERSONAL NAME
Personal name ʻAbdulḥaʼī ibn Fak̲h̲ruddīn al-Hasanī,
Dates associated with a name 1869-1923.
245 10 - TITLE STATEMENT
Title Nuzhat al-khawāṭir.
250 ## - EDITION STATEMENT
Edition statement al-Ṭabʻah 2.
260 ## - PUBLICATION, DISTRIBUTION, ETC.
Date of publication, distribution, etc. 1962-
300 ## - PHYSICAL DESCRIPTION
Extent v.
Dimensions 25 cm.
500 ## - GENERAL NOTE
General note Added t. p.: Nuzhatuʼl-khawātir, biographies of scholars and eminent persons of India, by ʻAbduʼl-Ḥayy b. Fakhruʼd-Dīn al-Ḥasanī.
651 #0 - SUBJECT ADDED ENTRY--GEOGRAPHIC NAME
Geographic name India
Form subdivision Biography.
650 #0 - SUBJECT ADDED ENTRY--TOPICAL TERM
Topical term or geographic name entry element Muslims
Geographic subdivision India
Form subdivision Biography.

No items available.

Powered by Koha